| 000 | 02284nam a2200409Ia 4500 | ||
|---|---|---|---|
| 001 | 51125 | ||
| 005 | 20230411090005.0 | ||
| 008 | 060523s2005 nyub 000 0deng d | ||
| 035 | _a(OCoLC)ocm69208246 | ||
| 040 |
_aWAU _cWAU _dBAKER _dYDXCP _dBTCTA |
||
| 020 | _a0312425031 | ||
| 020 | _a9780312425036 | ||
| 029 | 1 |
_aYDXCP _b2384055 |
|
| 035 | _a(OCoLC)69208246 | ||
| 041 | 1 |
_aeng _hfre |
|
| 043 | _af-rw--- | ||
| 090 |
_aDT450.435 _bH3813 2005 |
||
| 049 | _aGRAL | ||
| 100 | 1 | _aHatzfeld, Jean. | |
| 240 | 1 | 0 |
_aSaison de machettes. _lEnglish |
| 245 | 1 | 0 |
_aMachete season : _bthe killers in Rwanda speak : a report / _cby Jean Hatzfeld ; translated from the French by Linda Coverdale ; preface by Susan Sontag. |
| 260 |
_aNew York : _bFarrar, Straus and Giroux, _c2005. |
||
| 300 |
_axiv, 251 p. : _bmaps ; _c21 cm. |
||
| 500 | _a"Picador." | ||
| 505 | 0 | _aEarly morning -- How it was organized -- The three hills -- The first time -- A gang -- Apprenticeship -- Group spirit -- Taste and distaste -- Going into action -- Field work -- A neighborhood genocide -- Punishment -- Some thoughts on corrugated metal -- Looting -- A sealed chamber -- Rejoicing in the village -- The disappearance of escape networks -- Women -- In search of the just -- Acquaintances -- Penitentiary walls -- Suffering -- Guys in good shape -- And God in all this? -- In the shade of an acacia -- Remorse and regrets -- Joseph-Dâesirâe Bitero -- The organizers -- Behind the mudugudus -- Life goes on -- Bargaining for forgiveness -- Pardons -- A noble bearing -- Hatred of the Tutsis -- An unnatural slaughter -- Words to avoid saying it -- Death in the eye of a killer. | |
| 651 | 0 |
_aRwanda _xHistory _yCivil War, 1994 _xAtrocities. |
|
| 651 | 0 |
_aRwanda _xHistory _yCivil War, 1994 _vPersonal narratives. |
|
| 650 | 0 |
_aTutsi (African people) _xCrimes against _zRwanda _xHistory _y20th century. |
|
| 650 | 0 |
_aHutu (African people) _zRwanda. |
|
| 650 | 0 |
_aGenocide _zRwanda _xHistory _y20th century. |
|
| 651 | 0 |
_aRwanda _xEthnic relations _xHistory _y20th century. |
|
| 938 |
_aBaker & Taylor _bBKTY _c14.00 _d10.50 _i0312425031 _n0006656398 _sactive |
||
| 938 |
_aYBP Library Services _bYANK _n2384055 |
||
| 938 |
_aBaker and Taylor _bBTCP _nBK0006656398 |
||
| 942 |
_2lcc _cbk |
||
| 994 |
_aC0 _bDRFGD |
||
| 999 |
_c110527 _d110527 |
||